Drapeau - Difficulté: Extrême 2 - Statistiques

Statistiques générales
  • Ce quiz a été pris 71 fois
  • Le résultat moyen est 5 sur 16
Statistiques - réponses
Par images Réponse % Correct
OTAN
75%
Pays Basque
73%
Sicile
56%
Île Norfolk
42%
Alaska
34%
Saint Empire Romain Germanique
34%
Amsterdam
32%
Sealand
32%
Berbère
31%
Royaume de Grèce
29%
Dynastie Qing
27%
Congo Belge
24%
Iroquois
10%
Bouddhique
5%
Moscou
5%
Terre de Feu
3%
Aucun quiz correspondant
Distribution des résultats
% des personnes avec chaque résultat
Percentile par nombre de réponses
Votre historique - résultats
Vous n’avez pas pris ce quiz